000 00356nam a22001457a 4500
008 210531b ||||| |||| 00| 0 eng d
020 _a2901118429739
041 _aeng
080 _28th
_a612.39
082 _a612.39
100 _a10
101 _aNUT
245 _aNutrition for Foodservice and Culinary Professionals
_cDrummond,K.E
942 _2udc
_cBK
999 _c57851
_d57851